Эффективность автоматического управления самолетом в турбулентной атмосфере (Запись № 1347874)

Подробности
000 -МАРКЕР
контрольное поле 02324nam0a2200349 4500
001 - ИДЕНТИФИКАТОР ЗАПИСИ
контрольное поле RU\NLR\bibl\537887
005 - ИДЕНТИФИКАТОР ВЕРСИИ
контрольное поле 20260405074652.0
021 ## - НОМЕР ГОСУДАРСТВЕННОЙ РЕГИСТРАЦИИ
Код страны российская федерация
Номер 2004-33155
Номер Листа государственной регистраци 1665
035 ## - ДРУГИЕ СИСТЕМНЫЕ НОМЕРА
Идентификатор записи (NLR Aleph) 000530146
100 ## - ДАННЫЕ ОБЩЕЙ ОБРАБОТКИ
Данные общей обработки 20040708d2004 |||y0rusy50 ca
101 0# - ЯЗЫК РЕСУРСА
Язык текста, звукозаписи и т.д. русский
102 ## - СТРАНА ПУБЛИКАЦИИ ИЛИ ПРОИЗВОДСТВА
Страна публикации российская федерация
105 ## - ПОЛЕ КОДИРОВАННЫХ ДАННЫХ: ТЕКСТОВЫЕ МАТЕРИАЛЫ, МОНОГРАФИЧЕСКИЕ
Кодированные данные о монографическом текстовом документе a |||||||||
200 1# - ЗАГЛАВИЕ И СВЕДЕНИЯ ОБ ОТВЕТСТВЕННОСТИ
Основное заглавие Эффективность автоматического управления самолетом в турбулентной атмосфере
Сведения, относящиеся к заглавию Учеб. пособие для студентов вузов, обучающихся по специальности 130100 - "Самолето- и вертолетостроение"
Первые сведения об ответственности В.И. Пентюхов, А.П. Будник, Е.В. Мищенко, А.М. Чашников
Последующие сведения об ответственности [Науч. ред. к.т.н., доц. Е.Н. Некравцев]
-- М-во образования Рос. Федерации, Воронеж. гос. техн. ун-т
210 ## - ПУБЛИКАЦИЯ, РАСПРОСТРАНЕНИЕ И ДР.
Место издания, распространения и т.д. Воронеж
Имя издателя, распространителя и т. д. Воронеж. гос. техн. ун-т
Дата издания, распространения и т.д. 2004
215 ## - ФИЗИЧЕСКАЯ ХАРАКТЕРИСТИКА
Специфическое обозначение материала и объем 166 с.
Другие сведения о физической характеристике ил.
Размеры 21
320 ## - ПРИМЕЧАНИЯ О НАЛИЧИИ В ДОКУМЕНТЕ БИБЛИОГРАФИИ / УКАЗАТЕЛЯ
Текст примечания Библиогр.: с. 159-164 (62 назв.)
606 0# - НАИМЕНОВАНИЕ ТЕМЫ КАК ПРЕДМЕТ
Наименование темы Самолеты
Формальный подзаголовок Руководства, пособия и т.п. для высшей школы
Тематический подзаголовок Полет в болтанку
-- Автоматическое управление
Системный номер авторитетной/нормативной записи 2341929
Идентификатор авторитетной/нормативной записи RU\NLR\auth\661399780
606 0# - НАИМЕНОВАНИЕ ТЕМЫ КАК ПРЕДМЕТ
Наименование темы Самолеты
Формальный подзаголовок Учебные издания для высших учебных заведений
Тематический подзаголовок Полет в болтанку
-- Автоматическое управление
Системный номер авторитетной/нормативной записи 2341929
Идентификатор авторитетной/нормативной записи RU\NLR\auth\661399780
686 ## - ИНДЕКСЫ ДРУГИХ КЛАССИФИКАЦИЙ
Индекс О53-082.022.93-05я73-1
701 #1 - ИМЯ ЛИЦА - АЛЬТЕРНАТИВНАЯ ОТВЕТСТВЕННОСТЬ
Начальный элемент ввода Пентюхов
Часть имени, кроме начального элемента ввода В. И.
Расширение инициалов личного имени Владимир Иванович
Код отношения Автор
701 #1 - ИМЯ ЛИЦА - АЛЬТЕРНАТИВНАЯ ОТВЕТСТВЕННОСТЬ
Код отношения Автор
Материалы, к которым относится поле rus
Графика поля Кириллица
Начальный элемент ввода Будник
Часть имени, кроме начального элемента ввода А.П.
Даты 1943-
Дополнения к именам, кроме дат канд. техн. наук, авиастроение
Расширение инициалов личного имени Александр Павлович
Идентификатор авторитетной/нормативной записи RU\NLR\AUTH\7726411
Системный номер авторитетной/нормативной записи 9452
701 #1 - ИМЯ ЛИЦА - АЛЬТЕРНАТИВНАЯ ОТВЕТСТВЕННОСТЬ
Начальный элемент ввода Мищенко
Часть имени, кроме начального элемента ввода Е. В.
Расширение инициалов личного имени Екатерина Васильевна
Код отношения Автор
701 #1 - ИМЯ ЛИЦА - АЛЬТЕРНАТИВНАЯ ОТВЕТСТВЕННОСТЬ
Начальный элемент ввода Чашников
Часть имени, кроме начального элемента ввода А. М.
Расширение инициалов личного имени Александр Михайлович
Код отношения Автор
702 #1 - ИМЯ ЛИЦА - ВТОРИЧНАЯ ОТВЕТСТВЕННОСТЬ
Код отношения Автор
Материалы, к которым относится поле rus
Графика поля Кириллица
Начальный элемент ввода Некравцев
Часть имени, кроме начального элемента ввода Е. Н.
Расширение инициалов личного имени Евгений Николаевич
Идентификатор авторитетной/нормативной записи RU\NLR\auth\7720594
Системный номер авторитетной/нормативной записи 3662
801 #0 - ИСТОЧНИК ЗАПИСИ
Страна российская федерация
Организация NLR
Дата составления 20040708
Правила каталогизации PSBO
801 #1 - ИСТОЧНИК ЗАПИСИ
Страна российская федерация
Организация NLR
Дата составления 20040708
942 ## - ДОПОЛНИТЕЛЬНЫЕ ЭЛЕМЕНТЫ ЗАПИСИ (АБИС)
Тип экземпляра АБИС Книга
980 ## - КОЛЛЕКЦИЯ
Название коллекции Национальная библиография
980 ## - КОЛЛЕКЦИЯ
Название коллекции НБР
Экземпляры
Тип экземпляра Дата поступления Источник поступления Библиотека постоянного хранения Библиотека текущего хранения Место хранения Шифр хранения Штрих-код Статус не для выдачи
Книга 08.07.2004 Обязательный экземпляр РНБ (Московский) РНБ (Московский) Русский книжный фонд: издания с 1957 года, 3этаж 2004-3/15749 720330